| 000 | 00500nam a2200181Ia 4500 | ||
|---|---|---|---|
| 999 |
_c2794 _d2794 |
||
| 020 | _a81-7835-098-X | ||
| 082 | _a341.4810954 GUP-; | ||
| 100 | _aGupta, D.N. | ||
| 245 | 0 | _aHuman rights: acts, statutes and constitutional provisions | |
| 260 |
_aDelhi _bKalpaz Publications |
||
| 650 | _aLaw - India | ||
| 650 | _aCriminals law - India | ||
| 650 | _aCivil rights - India | ||
| 650 | _aConstitutional law - India | ||
| 650 | _aHuman rights - India | ||
| 700 | _aSingh, Chandrachur | ||
| 942 | _cBK | ||